00450nam a2200157Ia 4500008004100000020001400041082001500055100002400070245004400094250000800138260003900146300002900185500001900214600003300233650002600266240925s9999 xx 000 0 und d a915771141 a954.91 SAY aSayeed, Khalid Bin 0aPakistan: the formative phase-1857-1948 a2nd aOxford:bOxford Universityc,1996. axxiv,983p.bNAfOriginal aIncludes Index aHumanities & Natural Science aHistory and Geography